Pokémon Moves that Cause Burn - Statistics

General Stats
  • This quiz has been taken 68 times
  • The average score is 16 of 30
Answer Stats
Gen Introduced Type Chance to Burn Answer % Correct
1 Fire 10% Flamethrower
94%
5 Water 30% Scald
94%
1 Fire 10% Ember
92%
1 Fire 10%(30% Gen 1) Fire Blast
92%
3 Fire 100% Will-O-Wisp
92%
1 Fire 10% Fire Punch
85%
4 Fire 10% Fire Fang
83%
1 Normal 6.67% Tri Attack
75%
4 Fire 10% Flare Blitz
71%
8 Ground 30% Scorching Sands
71%
2 Fire 10% Flame Wheel
69%
5 Fire 100% Inferno
65%
7 Flying 100% Beak Blast
63%
5 Ice 30% Ice Burn
58%
6 Water 30% Steam Eruption
58%
3 Fire 10% Blaze Kick
50%
4 Fire 30% Lava Plume
50%
2 Fire 50% Sacred Fire
48%
3 Fire 10% Heat Wave
44%
8 Fire 10% Pyro Ball
35%
5 Fire 30% Searing Shot
35%
5 Fire 20% Blue Flare
31%
8 Ghost 30% Infernal Parade
31%
3 Normal 30% Secret Power
31%
9 Fire 100% Burning Jealousy
29%
8 Ground 30% Sandsear Storm
23%
9 Fire 100% Burning Bulwark
21%
7 Fire 100% Sizzly Slide
19%
9 Grass 20% Matcha Gotcha
17%
3 Shadow 10% Shadow Fire
17%
No matching quizzes found
Score Distribution
Percent of People with Each Score
Percentile by Number Answered
Your Score History
You have not taken this quiz